000 00637cam a22002413a 4500
001 7109
003 PGUSA
005 20140828083140.0
008 041201s2004||||xxu|||||s|||||000 1 eng d
040 _aPGUSA
_beng
042 _adc
050 4 _aPQ
100 1 _aVoltaire,
_d1694-1778
245 1 0 _aCandido, o El Optimismo
_h[electronic resource] /
_cVoltaire
260 _bProject Gutenberg,
_c2004
506 _aPublic domain in the USA.
516 _aElectronic text
653 _aSatire
653 _aOptimism -- Fiction
830 0 _aProject Gutenberg
_v7109
856 4 0 _uhttp://www.gutenberg.org/ebooks/7109
942 _cEB
999 _c236429
_d236429